El sublime objeto de la ideología
Uloženo v:
| Hlavní autor: | |
|---|---|
| Další autoři: | |
| Médium: | Kniha |
| Jazyk: | španělština |
| Vydáno: |
Buenos Aires
Siglo XXI
2003
|
| Vydání: | 1a. ed |
| Témata: | |
| Tagy: |
Přidat tag
Žádné tagy, Buďte první, kdo vytvoří štítek k tomuto záznamu!
|
MARC
| LEADER | 00000cam a2200000 a 4500 | ||
|---|---|---|---|
| 001 | UCJ0981 | ||
| 003 | CL-VaPUC | ||
| 005 | 20211112105413.0 | ||
| 008 | 060929e20030000AG |||||||||||||||||spa|d | ||
| 999 | |c 317714 |d 317712 | ||
| 020 | |a 9871105371 | ||
| 040 | |c Pontificia Universidad Católica de Valparaíso | ||
| 082 | 0 | 4 | |a 320.01 |b ZIZ |2 21 |
| 100 | 0 | |a Zizek, Slavoj |e author |9 501491 | |
| 245 | 1 | 3 | |a El sublime objeto de la ideología |
| 250 | |a 1a. ed | ||
| 260 | |a Buenos Aires |b Siglo XXI |c 2003 | ||
| 300 | |a 302 p | ||
| 583 | |a last modification |c 20130725 07:19:36 |k Rodrigo Vera | ||
| 650 | 7 | |a FILOSOFIA POLITICA |2 CL-VaPUC |9 501492 | |
| 650 | 0 | |a Ideologías políticas |9 255735 | |
| 650 | 0 | |a Justicia |9 255408 | |
| 650 | 0 | |a Libertad |9 255686 | |
| 700 | 1 | |a Vericat Núñez, Isabel |e traductora |9 864371 | |
| 942 | |c BK |2 ddc | ||
| 945 | |d 20060929 00:00:00 |a cmena | ||
| 952 | |0 0 |1 0 |4 0 |6 320_010000000000000_ZIZ_2003 |7 0 |8 A |9 394592 |a BIBCUR |b BIBCUR |d 2019-11-22 |i 4303091 |l 1 |o 320.01 ZIZ 2003 |p 4303091 |r 2025-04-22 |s 2022-03-23 |w 2019-11-22 |y BK |k MGC | ||
| 952 | |0 0 |1 0 |4 0 |6 320_010000000000000_ZIZ_2003 |7 0 |8 R |9 394593 |a BIBEDU |b BIBEDU |c MCIRC |d 2019-11-22 |i 4991958 |l 2 |o 320.01 ZIZ 2003 |p 4991958 |r 2023-01-13 |s 2022-08-19 |w 2019-11-22 |y BK_R |k FIL | ||